• 首页
  • 本馆介绍
  • 公告通知
  • 最新文献
  • 馆藏检索
  • 电子资源
  • 读者导购
  • 参考咨询
  • 我的图书馆
  • 登录
  • 详细信息显示
  • 放入我的书架
  • 预约/预借图书
  • 作者相关作品
  • 分类相关作品
  • 丛书相关作品
  • 出版社相关作品

书目信息

  • 表格格式
  • 工作单格式
  • 卡片格式
书名: Dictionary of organic compounds
作者:
分册号:
分册名: Ninth Supplement :
出版地: London :
 
出版社: Eyre & Spottiswoode
出版时间: 1978.
页数: 270 p. :
开本: 27 cm.
丛书名:
中图分类号:
科图分类号:
其他分类号: O622-61
主题词:
电子资源:
000 01404nas 2200337I1 4504
001 E0759415831
005 20070805112038.15
008 7606201978 9nyuar2 0uuua0eng u
010    @asn 84001037
022 0  @a0264-1100.
040    @cMUL@dHUL@dIUL@dNYG@dIUL@dNSD@dOCL@dNSD@dDLC
042    @axlc
090    @aP440.42/W6/SUPPL
090    @aO622-61
099    @dO622-61@ex13:14=4
130 0  @aDictionary of organic compounds (1964). Supplement.
210 0  @aDict. org. compd., Suppl.
222 00 @aDictionary of organic compounds. Supplement.
245 00 @aDictionary of organic compounds.@pNinth Supplement :@bthe constitution and physical, chemical and other properties of the principal carbon compounds and their derivatives, together with relevant literature references.
250    @a14th ed.
260 00 @aLondon :@bEyre & Spottiswoode,@c1978.
300    @a270 p. :@bill. ;@c27 cm.
310    @aAnnual.
362 0  @a1st-15th.
500    @aDescription based on: 11th.
500    @aSupplement to: Dictionary of organic compounds. 4th ed.
599    @aLib. his: 1rd, 5th, 9-15th.
650  0 @aChemistry, Organic@xDictionaries@xPeriodicals.
650  0 @aChemistry, Organic@xBibliography@xPeriodicals.
650  0 @aChemistry@xDictionaries@xPeriodicals.
785 00 @tDictionary of organic compounds (1983). Supplement@x0264-1100@w(OCoLC)9902538.
    
    Dictionary of organic compounds.. Ninth Supplement : : the constitution and physical, chemical and other properties of the principal carbon compounds and their derivatives, together with relevant literature references.-14th ed.-London : : Eyre & Spottiswoode, , 1978.
    270 p. : : ill. ; ; 27 cm.
    Description based on: 11th.-Supplement to: Dictionary of organic compounds. 4th ed.-Lib. his: 1rd, 5th, 9-15th.
    
    ISBN
    
●
相关链接 在E读中查询图书 在五车中查询图书 在当当中查询图书 在豆瓣中查询图书


正题名:Dictionary of organic compounds     索取号:O622-61/x13:14=4         预约/预借

序号 登录号 条形码 馆藏地/架位号 状态 备注
1 13632   300136323   第二样本阅览室/ [索取号:O622-61/x13:14=4] 在馆    
2 22391   300135609   密集书库/ [索取号:O622-61/x13:14=4] 在馆    
3 27417   300153401   密集书库/ [索取号:O622-61/x13:14=4] 在馆    
唐山师范学院图书馆 欢迎您!
大连网信软件有限公司© 版权所有